Another love lyrics by tom odell - Statistics

General Stats
  • This quiz has been taken 1,304 times
  • The average score is 222 of 253
Answer Stats
Hint Answer % Correct
25 | 144 | 212 A
99%
1 | 9 | 16 | +12 others I
98%
60 | 71 | 73 | +14 others Love
97%
70 | 72 | 82 | +13 others Another
96%
52 | 63 | 75 | +10 others My
96%
62 | 74 | 86 | +9 others All
95%
128 | 147 | 215 Be
95%
135 Win
95%
4 | 7 | 22 | +3 others You
95%
69 | 81 | 93 | +4 others On
94%
6 | 13 | 48 | +2 others So
94%
64 | 76 | 88 | +7 others Tears
94%
66 | 78 | 90 | +8 others Been
93%
11 | 28 | 61 | +6 others But
93%
65 | 77 | 89 | +7 others Have
93%
124 Use
93%
2 | 39 | 55 | +7 others Wanna
93%
15 | 37 | 57 | +4 others And
92%
8 | 18 | 138 Know
90%
50 | 153 | 163 | 222 To
90%
68 | 80 | 92 | +7 others Up
90%
67 | 79 | 91 | +7 others Used
90%
17 Don’t
84%
44 Feel
84%
3 Take
84%
29 | 33 | 133 They
84%
40 Kiss
83%
42 Make
83%
45 Alright
82%
19 Where
82%
10 Care
81%
14 Cold
81%
56 | 159 | 228 Cry
81%
12 It’s
81%
5 Somewhere
81%
47 | 148 | 216 Just
80%
130 Fucking
78%
123 | 127 | 139 I’ll
77%
26 Pretty
77%
131 Rude
77%
126 Voice
77%
35 Last
75%
32 Like
75%
117 Broken
74%
120 Many
74%
121 Times
74%
34 Did
73%
112 Fight
73%
140 Lose
73%
119 Too
73%
21 Brought
72%
115 Hands
72%
46 I’m
72%
24 | 232 In
72%
145 | 213 Song
72%
36 Spring
72%
49 Tired
72%
30 Won’t
72%
31 Flower
71%
155 | 224 Heart
71%
143 | 211 Sing
71%
134 Always
70%
51 Share
69%
27 String
68%
106 If
67%
108 Hurts
65%
107 Somebody
65%
118 One
64%
23 Daffodils
60%
53 Nights
60%
149 | 217 Ours
60%
162 Learn
59%
132 Words
57%
142 I’d
49%
231 Fall
47%
146 That’d
35%
214 That’ll
34%
151 Sang ’em
21%
220 Sang’ em
21%
No matching quizzes found
Score Distribution
Percent of People with Each Score
Percentile by Number Answered
Your Score History
You have not taken this quiz